000 00322nam a2200121Ia 4500
008 220204s9999 xx 000 0 und d
020 _a8124004498
082 _a81`36=573.14
_bRAM
100 _aRamachandran Nair, P
245 0 _aThettillatha Malayalam (Malayalam)
260 _aKottayam
_bCurrent Books
_c2003
942 _cBK
999 _c42449
_d42449